[Podvojné účtovníctvo pre podnikateľov po vstupe Slovenskej republiky do eurozóny]

Recenzia na publikáciu, ktorá okrem základných pojmov a princípov podvojného účtovníctva podrobne charakterizuje postupy účtovania typických účtovných prípadov v podnikateľských účtovných jednotkách.

Guardado en:
Detalles Bibliográficos
Autor principal: Novák, Jaromír, 1978-
Formato: Capítulo de libro
Lenguaje:eslovaco
Materias:
Etiquetas: Agregar Etiqueta
Sin Etiquetas, Sea el primero en etiquetar este registro!

MARC

LEADER 00000naa a2200000 4500
001 0119988
005 20240502072336.5
041 0 |a slo 
044 |a SK 
245 1 0 |a [Podvojné účtovníctvo pre podnikateľov po vstupe Slovenskej republiky do eurozóny]  |c Jaromír Novák 
520 |a Recenzia na publikáciu, ktorá okrem základných pojmov a princípov podvojného účtovníctva podrobne charakterizuje postupy účtovania typických účtovných prípadov v podnikateľských účtovných jednotkách. 
610 2 0 |a recenzie 
610 2 0 |a účtovníctvo podvojné 
610 2 0 |a podnikatelia 
610 2 0 |a eurozóna 
100 1 |a Novák, Jaromír, 1978-